Hrunanubandh Raktache (Record no. 159540)
[ view plain ]
| 000 -LEADER | |
|---|---|
| fixed length control field | 00392nam a2200145Ia 4500 |
| 008 - FIXED-LENGTH DATA ELEMENTS--GENERAL INFORMATION | |
| fixed length control field | 230519s9999 xx 000 0 und d |
| 020 ## - INTERNATIONAL STANDARD BOOK NUMBER | |
| International Standard Book Number | 978-81-95076-78-9 |
| 041 ## - LANGUAGE CODE | |
| Language code of text/sound track or separate title | eng |
| 082 ## - DEWEY DECIMAL CLASSIFICATION NUMBER | |
| Classification number | X/891/WAG/DB0956 |
| 100 ## - MAIN ENTRY--PERSONAL NAME | |
| Personal name | Wagh Mahendra |
| 9 (RLIN) | 180565 |
| 245 ## - TITLE STATEMENT | |
| Title | Hrunanubandh Raktache |
| 260 ## - PUBLICATION, DISTRIBUTION, ETC. (IMPRINT) | |
| Name of publisher, distributor, etc. | Bharatiy Vichar Sadhana Pune Prakashan |
| Place of publication, distribution, etc. | Pune |
| Date of publication, distribution, etc. | 2021 |
| 300 ## - PHYSICAL DESCRIPTION | |
| Extent | 264p |
| Withdrawn status | Lost status | Damaged status | Not for loan | Collection code | Home library | Current library | Date acquired | Cost, normal purchase price | Bill number | Total Checkouts | Full call number | Barcode | Date last seen | Bill Date | Koha item type | Original Barcode |
|---|---|---|---|---|---|---|---|---|---|---|---|---|---|---|---|---|
| Smt. Bakul Tambat Institute of Nursing Education | Smt. Bakul Tambat Institute of Nursing Education | 28/03/2022 | 250.00 | 54 | X 891 WAG DB0956 | BTIN-DB-956 | 19/05/2023 | 25/03/2022 | Donated Book | DB0956 |